000 00499nam a22001697a 4500
003 MPLRDC
005 20220104125745.0
008 210129b ||||| |||| 00| 0 eng d
082 _a524.9254 DZ 1975-1986
100 _a董总出版组编辑
245 _a地理: 历届试题集 (第一辑)
_c
260 _a
_b马来西亚华校董事联合
_c1991
300 _b
490 _a马来西亚华文独中高中统考
650 _a中等教育--高中统考
942 _cBK
_o524.9254 DZ 1975-1986
999 _c29901
_d29891